| 000 | 00415nab a2200145Ia 4500 | ||
|---|---|---|---|
| 003 | ES-SlBCS | ||
| 005 | 20210601131827.0 | ||
| 008 | 140529s1950 xxu||||| |||| 00| 0 fre d | ||
| 041 | _afre | ||
| 100 | 1 |
_aBedda, Luigi _9189128 |
|
| 245 | 0 | 0 |
_aLes revues italiennes _c Luigi Bedda |
| 650 | 0 | 4 |
_aRevistas Italianas _9189125 |
| 773 | 0 |
_tVie Spirituelle (La) _gvol. 82, nº. 347, 1950, págs. 79-91 _wRev496 |
|
| 942 | _cAR | ||
| 999 |
_c569515 _d569515 |
||